000 00552nam a2200193Ia 4500
005 20250508163252.0
008 008 250505s9999 xx 000 0 eng d
037 _aDissertations
040 _aFEDL
_beng
_cFEDL
041 _aeng
_2eng
084 _a181.4, PAR/DI
_qFEDL
100 _aParamjeet Kaur
245 0 _aIndian philosophy of language with reference to sanskrit
260 _c1986
300 _aiii,54p.
546 _aM. Ed. Dissertation (Delhi University)
942 _cDIS
_h181.4, PAR/DI
999 _c1381911
_d1381911